00445nam a22001457a 4500020002100000082001800021100002200039245002400061260004400085300000800129650002300137942000700160952011500167999001700282 a978-019-997577-8 a297.09051 ESP aEsposito, John L. aThe Future of Islam aNew YorkbOxford University Pressc2013 a234 aIslam-21st Century cBK 00104070aHMIbHMIcGENd2018-05-24g695.00l1o297.09051 ESPp24820r2022-08-03s2020-02-07w2018-05-24yBK c21030d21030